Literature :an introduction to reading and writing / (Record no. 2821)

MARC details
000 -LEADER
fixed length control field 01138nac a22002651u 4500
010 ## - LIBRARY OF CONGRESS CONTROL NUMBER
LC control number 2005037529
020 ## - INTERNATIONAL STANDARD BOOK NUMBER
International Standard Book Number 0131732781
082 00 - DEWEY DECIMAL CLASSIFICATION NUMBER
Classification number 808.0668
Item number R5411
090 ## - LOCALLY ASSIGNED LC-TYPE CALL NUMBER (OCLC); LOCAL CALL NUMBER (OCLC)
-- 2821
-- 2821
100 ## - MAIN ENTRY--PERSONAL NAME
Personal name Roberts, Edgar V.
245 10 - TITLE STATEMENT
Title Literature :an introduction to reading and writing /
Remainder of title an introduction to reading and writing /
Statement of responsibility, etc Edgar V. Roberts, Henry E. Jacobs.
250 ## - EDITION STATEMENT
Edition statement 8th ed.
260 ## - PUBLICATION, DISTRIBUTION, ETC. (IMPRINT)
Place of publication, distribution, etc Upper Saddle River, N.J. :
Name of publisher, distributor, etc Pearson Prentice Hall,2007.
Date of publication, distribution, etc 2007.
300 ## - PHYSICAL DESCRIPTION
Extent lxxxi, 2157, I18 p., :
Other physical details ill. (some col.) ;
Dimensions 24 cm.
Accompanying material 1 CD-ROM (digital; 4 3/4 in.)
504 ## - BIBLIOGRAPHY, ETC. NOTE
Bibliography, etc Includes bibliographical references (p. 2131-2140) and index.
650 #0 - SUBJECT ADDED ENTRY--TOPICAL TERM
Topical term or geographic name as entry element Literature.
650 #0 - SUBJECT ADDED ENTRY--TOPICAL TERM
Topical term or geographic name as entry element Exposition (Rhetoric)
650 #0 - SUBJECT ADDED ENTRY--TOPICAL TERM
Topical term or geographic name as entry element Literature
Form subdivision Collections.
650 #0 - SUBJECT ADDED ENTRY--TOPICAL TERM
Topical term or geographic name as entry element College readers.
650 #0 - SUBJECT ADDED ENTRY--TOPICAL TERM
Topical term or geographic name as entry element Report writing.
700 1# - ADDED ENTRY--PERSONAL NAME
Personal name Jacobs, Henry E.
856 41 - ELECTRONIC LOCATION AND ACCESS
Materials specified Table of contents only
Uniform Resource Identifier <a href="http://www.loc.gov/catdir/toc/ecip065/2005037529.html">http://www.loc.gov/catdir/toc/ecip065/2005037529.html</a>
942 ## - ADDED ENTRY ELEMENTS (KOHA)
Item type Book - Borrowing
Call number prefix 808.0668R5411
Holdings
Withdrawn status Item status Damaged status Not for loan Home library Current library Shelving location Date acquired Source of acquisition Total Checkouts Total Renewals Full call number Barcode Date last seen Date last borrowed Koha item type
        Central Library Central Library Second Floor 07/03/2007 Purchase 2 101 808.0668 ROB 000001326 15/07/2025 26/11/2015 Book - Borrowing